000 01229nam a22002177a 4500
999 _c58673
_d58673
003 Ge_BSU
005 20220624124435.0
008 220624s2022 ge ||||| |||| 00| 0 geo d
020 _a9789941934179
041 _ageo
080 _a343.1(479.22)(094.4) ს-32
245 _aსაქართველოს კანონი : საქართველოს სისხლის სამართლის კოდექსი :
_bზოგადი ნაწილი : 2022 წლის 10 მარტის მდგომარეობით : ანბანურ-საგნობრივი საძიებლით /
264 _aთბილისი :
_b იურისტების სამყარო,
_c2022.
300 _a341 გვ.
_b21 სმ.
490 _aიურისტების სამყარო
501 _aანბანურ-საგნობრივი საძიებელი გვ.324-340
653 _aსაქართველოს კანონი
653 _aსაქართველოს სისხლის სამართლის კოდექსი
653 _aზოგადი ნაწილი
942 _2udc
_cBK